|
|
|
|
| LEADER |
01322nam a2200265 a 4500 |
| 001 |
00440261 |
| 003 |
GR-PaULI |
| 008 |
060208s1984 r 000 0 eng d |
| 020 |
|
|
|a 0852381328
|
| 040 |
|
|
|a GrPaTEI
|b gre
|c GR-PaULI
|
| 044 |
|
|
|a um
|
| 082 |
|
0 |
|a 639.2
|2 21
|
| 100 |
1 |
|
|a Chaston, Ian
|
| 245 |
1 |
0 |
|a Business management in fisheries and aquaculture /
|c Ian Chaston.
|
| 260 |
|
|
|a Farnham :
|b Fishing News Books,
|c c1984.
|
| 300 |
|
|
|a 128 σ. :
|b εικ. ;
|c 21 εκ.
|
| 650 |
|
0 |
|a Fishery management
|
| 650 |
|
7 |
|a Διαχείριση αλιευμάτων
|2 lcsh/gre
|
| 710 |
2 |
|
|a Fishing News Books
|
| 942 |
|
|
|2 ddc
|
| 952 |
|
|
|0 0
|1 0
|2 ddc
|4 0
|6 639_200000000000000_CHA
|7 0
|9 250389
|a MSLG
|b MSLG
|c BSC
|d 2021-01-17
|e 24
|f 0
|g 0.00
|l 1
|o 639.2 CHA
|p 99242000028408
|r 2021-11-10 00:00:00
|s 2021-11-02
|t 1
|w 2021-01-17
|y BK15
|x Items transfered from Loc16 to Loc24
|x GrPaTEI
|
| 952 |
|
|
|0 0
|1 0
|2 ddc
|4 0
|6 639_200000000000000_CHA
|7 0
|9 320154
|a MSLG
|b MSLG
|c BSC
|d 2021-01-23
|e 24
|f 0
|g 0.00
|l 0
|o 639.2 CHA
|p 2420000000921
|r 2021-01-23 00:00:00
|t 1
|w 2021-01-23
|y BK15
|x 19991111 0 1
|x GrPaTEI
|
| 952 |
|
|
|0 0
|1 0
|2 ddc
|4 0
|6 639_200000000000000_CHA
|7 0
|9 320155
|a MSLG
|b MSLG
|c BSC
|d 2021-01-23
|e 24
|f 0
|g 0.00
|l 0
|o 639.2 CHA
|p 2420000013458
|r 2021-01-23 00:00:00
|t 1
|w 2021-01-23
|y BK15
|x 19991111 0 1
|x GrPaTEI
|
| 971 |
|
|
|a .b11755933
|b 24-09-20
|c 27-08-15
|
| 999 |
|
|
|c 148616
|d 148616
|